Valorizácia makroprostredia pre cestovný ruch a jej uplatnenie v marketingu
Súčasný stav v problematike valorizácie makroprostredia pre cestovný ruch v SR a okolitých štátoch. Valorizácia makroprostredia - prírodný potenciál. Valorizácia makroprostredia - kultúrno-historické pamiatky. Valorizovanie prostredia pre cestovný ruch s využitím počítačov. Príspevok z riešenia Proj...
Enregistré dans:
| Auteur principal: | |
|---|---|
| Format: | Chapitre de livre |
| Langue: | slovaque |
| Sujets: | |
| Tags: |
Pas de tags, Soyez le premier à ajouter un tag!
|
MARC
| LEADER | 00000naa$a2200000$$$4500 | ||
|---|---|---|---|
| 001 | 0008917 | ||
| 005 | 20221104095450.3 | ||
| 041 | 0 | |a slo | |
| 044 | |a SK | ||
| 245 | 1 | 0 | |a Valorizácia makroprostredia pre cestovný ruch a jej uplatnenie v marketingu |c aut. Pavol Plesník |
| 520 | |a Súčasný stav v problematike valorizácie makroprostredia pre cestovný ruch v SR a okolitých štátoch. Valorizácia makroprostredia - prírodný potenciál. Valorizácia makroprostredia - kultúrno-historické pamiatky. Valorizovanie prostredia pre cestovný ruch s využitím počítačov. Príspevok z riešenia Projektu VEGA č. 1/7707/20. | ||
| 610 | 2 | 0 | |a ruch cestovný |
| 610 | 2 | 0 | |a prostredie krajinné |
| 610 | 2 | 0 | |a prostredie prírodné |
| 610 | 2 | 0 | |a analýzy |
| 610 | 2 | 0 | |a projekty |
| 100 | 1 | |a Plesník, Pavol, 1956- | |